00537nam a22001457a 450000500170000000800410001701000100005801100100006803500110007810000340008924500970012326000370022030000400025750200940029720220329143244.0070926d2007 mx a r 00110 spa d a94015 a94987 a1055901 aHernández Soriano, Ángel.10aPropagación in vitro del viejito (Cephalocereus senilis)c/por Ángel Hernández Soriano aMéxico, D.F.bEl autor,c2007. a44 h. ;bilus. ; gráfs. ; cudros. aTesis (Ing. Biotecnologo) -- IPN. Unidad Profecional Interdiciplinaria de Biotecnología